Most Common Papal Names - Statistics

General Stats
  • This quiz has been taken 97 times
  • The average score is 7 of 16
Answer Stats
# pope % Correct
23 John
94%
6 Paul
85%
14 Leo
84%
15 Benedict
75%
13 Innocent
56%
12 Pius
54%
8 Urban
49%
16 Gregory
46%
14 Clement
39%
7 Alexander
28%
5 Sixtus
25%
9 Stephen
24%
8 Boniface
22%
6 Adrian
16%
5 Nicholas
13%
5 Celestine
8%
No matching quizzes found
Score Distribution
Percent of People with Each Score
Percentile by Number Answered
Your Score History
You have not taken this quiz